000 00437nam a2200181Ia 4500
001 16976
005 20260306170350.0
008 260306t1961||||xx |||||||||||||| ||und||
041 _aESP
082 _a657.4
_bB28
100 _aBaude, Jules
_eAUT
245 0 _aTratado de control y revisión contables
260 _c1961
300 _axxxix, 614 páginas :
_c22 cm.
650 _aGEN
654 _aCCO
942 _cLIB
_dJUS
_fJUS
_2ddc
_n
999 _c16976
_d16976